[Event "WchT Seniors 65"]
[Site "Dresden"]
[Date "2018.07.14"]
[Round "8.3"]
[White "Bernard, Christophe"]
[Black "Malmdin, Nils Ake"]
[Result "1/2-1/2"]
[WhiteElo "2253"]
[BlackElo "2138"]
[PlyCount "120"]
[EventDate "2018.07.07"]
[EventType "team-swiss"]
[EventRounds "9"]
[EventCountry "GER"]
[SourceTitle "CBM 185 Extra"]
[Source "ChessBase"]
[SourceDate "2018.07.29"]
[SourceVersion "1"]
[SourceVersionDate "2018.07.29"]
[SourceQuality "1"]
[WhiteTeam "France"]
[BlackTeam "Sweden"]
[WhiteTeamCountry "FRA"]
[BlackTeamCountry "SWE"]

1. d4 Nf6 2. Nf3 e6 3. c4 c5 4. d5 exd5 5. cxd5 d6 6. Nc3 g6 7. e4 Bg7 8. h3 0-0 9. Bd3 a6 10. a4 Re8 11. 0-0 Nbd7 12. Re1 Qe7 13. Bf4 Nh5 14. Bg5 Bf6 15. Bd2 Ne5 16. Be2 Nxf3+ 17. Bxf3 Ng7 18. Qc2 Rb8 19. a5 Be5 20. Na4 Bd7 21. Nb6 Bb5 22. Bc3 Qf6 23. Rac1 Qf4 24. Bxe5 Rxe5 25. Qc3 Qh6 26. b4 Rbe8 27. bxc5 dxc5 28. d6 Qg5 29. Nd5 Qd8 30. Ne7+ R8xe7 31. dxe7 Qxe7 32. Red1 Bc6 33. g3 Ne8 34. Bg2 h5 35. f4 Rxe4 36. Re1 Nf6 37. Bxe4 Nxe4 38. Qe5 Qd7 39. Rcd1 Nd2 40. Qe8+ Qxe8 41. Rxe8+ Bxe8 42. Rxd2 Bb5 43. Rd8+ Kg7 44. Rd5 c4 45. Kf2 Kf6 46. Ke3 Ke6 47. Kd4 Ke7 48. h4 f6 49. Rc5 Ke6 50. Rc7 Bc6 51. Kxc4 Kf5 52. Rg7 Be4 53. Kd4 Bf3 54. Kc5 Be4 55. Re7 Bf3 56. Rg7 Be4 57. Kd4 Bc6 58. Ke3 Bh1 59. Rc7 Bc6 60. Rc8 Kg4 1/2-1/2

[Event "WchT Seniors 65"]
[Site "Dresden"]
[Date "2018.07.08"]
[Round "2.2"]
[White "Bernard, Christophe"]
[Black "Gneiss, Karl"]
[Result "1-0"]
[WhiteElo "2253"]
[BlackElo "2090"]
[PlyCount "63"]
[EventDate "2018.07.07"]
[EventType "team-swiss"]
[EventRounds "9"]
[EventCountry "GER"]
[SourceTitle "CBM 185 Extra"]
[Source "ChessBase"]
[SourceDate "2018.07.29"]
[SourceVersion "1"]
[SourceVersionDate "2018.07.29"]
[SourceQuality "1"]
[WhiteTeam "France"]
[BlackTeam "Austria"]
[WhiteTeamCountry "FRA"]
[BlackTeamCountry "AUT"]

1. d4 Nf6 2. Nf3 e6 3. c4 b6 4. g3 d5 5. Bg2 Bb7 6. cxd5 exd5 7. Nc3 Be7 8. Qa4+ c6 9. Ne5 0-0 10. 0-0 Nfd7 11. Nd3 a5 12. a3 Bf6 13. Be3 Na6 14. Rac1 Nc7 15. Qd1 Ne6 16. Nf4 Re8 17. Qd2 Ba6 18. Rfe1 Ndf8 19. Nxe6 Nxe6 20. Rcd1 Bc4 21. Qc2 Qd6 22. f4 Rad8 23. Bf2 a4 24. Nxa4 b5 25. Nc5 Bxd4 26. Nb7 Bxf2+ 27. Kxf2 Qc7 28. Nxd8 Qb6+ 29. e3 Nc5 30. b4 Nd3+ 31. Rxd3 Bxd3 32. Qxd3 1-0

[Event "Plancoet op 12th"]
[Site "Plancoet"]
[Date "2015.07.27"]
[Round "2"]
[White "Bernard, Christophe"]
[Black "Bailet, Pierre"]
[Result "0-1"]
[WhiteElo "2259"]
[BlackElo "2503"]
[PlyCount "81"]
[EventDate "2015.07.26"]
[EventType "swiss"]
[EventRounds "9"]
[EventCountry "FRA"]
[SourceTitle "EXT 2016"]
[Source "ChessBase"]
[SourceDate "2015.10.08"]
[SourceVersion "1"]
[SourceVersionDate "2015.10.08"]
[SourceQuality "1"]

1. d4 Nf6 2. Nf3 d5 3. c4 c6 4. Qc2 dxc4 5. Qxc4 Bg4 6. Nbd2 Nbd7 7. g3 e6 8. Bg2 Be7 9. 0-0 0-0 10. b3 a5 11. a3 Rc8 12. Bb2 b5 13. Qd3 Bf5 14. Qc3 c5 15. Nh4 Bg4 16. Qd3 cxd4 17. h3 Bh5 18. g4 Nd5 19. Bxd5 Bxh4 20. gxh5 exd5 21. Nf3 Nc5 22. Qxb5 Bf6 23. Rac1 Ne4 24. Rxc8 Qxc8 25. Kg2 Qf5 26. Qd3 Qxh5 27. Bxd4 Qg6+ 28. Kh2 Be7 29. Be5 Qe6 30. a4 Rc8 31. Bg3 Bd6 32. Kg2 Bxg3 33. fxg3 Rc3 34. Qb5 h6 35. Qb8+ Kh7 36. Rd1 Re3 37. Nd4 Qf6 38. Qf4 Rxg3+ 39. Qxg3 Nxg3 40. Kxg3 Qe5+ 41. Kg2 0-1

[Event "Cappelle op 30th"]
[Site "Cappelle la Grande"]
[Date "2014.03.01"]
[Round "1"]
[White "Bernard, Christophe"]
[Black "Lagarde, Maxime"]
[Result "0-1"]
[WhiteElo "2257"]
[BlackElo "2514"]
[PlyCount "84"]
[EventDate "2014.03.01"]
[EventType "swiss"]
[EventRounds "9"]
[EventCountry "FRA"]
[SourceTitle "CBM 159 Extra"]
[Source "ChessBase"]
[SourceDate "2014.04.24"]
[SourceVersion "1"]
[SourceVersionDate "2014.04.24"]
[SourceQuality "1"]

1. d4 f5 2. Nf3 Nf6 3. g3 g6 4. Bg2 Bg7 5. 0-0 0-0 6. c4 d6 7. Nc3 c6 8. b3 Qe8 9. Qc2 Na6 10. Bb2 e5 11. dxe5 dxe5 12. Ba3 c5 13. e4 f4 14. Rad1 Nh5 15. Nb5 Bg4 16. Rd5 Qe7 17. Qd2 Nb4 18. Rxc5 Qxc5 19. Bxb4 Qb6 20. Bxf8 Rxf8 21. Qd5+ Be6 22. Qd6 fxg3 23. Qxb6 gxh2+ 24. Kxh2 axb6 25. Ng5 Nf4 26. Rd1 Bg4 27. Bf3 Nh3 28. Bxg4 Nxg5 29. Kg2 h5 30. Be2 Nxe4 31. f3 Ng5 32. Rd6 e4 33. f4 Rxf4 34. Rxg6 Nf3 35. Kg3 Rf8 36. Nc7 h4+ 37. Kg2 Ne5 38. Rxg7+ Kxg7 39. Ne6+ Kg8 40. Nxf8 Kxf8 41. Kh3 Nf3 42. Bd1 Nd4 0-1

[Event "Plancoet op-A 10th"]
[Site "Plancoet"]
[Date "2013.07.28"]
[Round "1"]
[White "Dgebuadze, Alexandre"]
[Black "Bernard, Christophe"]
[Result "1/2-1/2"]
[WhiteElo "2520"]
[BlackElo "2255"]
[PlyCount "70"]
[EventDate "2013.07.28"]
[EventType "swiss"]
[EventRounds "9"]
[EventCountry "FRA"]
[SourceTitle "EXT 2017"]
[Source "ChessBase"]
[SourceDate "2016.10.25"]
[SourceVersion "1"]
[SourceVersionDate "2016.10.25"]
[SourceQuality "1"]

1. e4 c5 2. Nf3 d6 3. d4 cxd4 4. Qxd4 Nc6 5. Bb5 Bd7 6. Bxc6 Bxc6 7. Nc3 Nf6 8. Bg5 e6 9. 0-0-0 Be7 10. h4 h6 11. Be3 Qc7 12. Rhg1 Rc8 13. Nd2 a6 14. Kb1 b5 15. f3 e5 16. Qd3 b4 17. Nd5 Nxd5 18. exd5 Bb5 19. Qe4 Bd7 20. Rc1 f5 21. Qxb4 0-0 22. c4 Rb8 23. Qa3 Bxh4 24. g3 Bf6 25. Nb3 a5 26. c5 a4 27. cxd6 Qd8 28. Nc5 f4 29. Ne6 Qa5 30. Nxf8 Bf5+ 31. Ka1 fxe3 32. g4 e4 33. gxf5 Rxb2 34. Nd7 Rxa2+ 35. Kxa2 Qxd5+ 1/2-1/2

[Event "Cappelle op 29th"]
[Site "Cappelle la Grande"]
[Date "2013.02.26"]
[Round "5"]
[White "Solomon, Kenny"]
[Black "Bernard, Christophe"]
[Result "1-0"]
[WhiteElo "2423"]
[BlackElo "2250"]
[PlyCount "197"]
[EventDate "2013.02.23"]
[EventType "swiss"]
[EventRounds "9"]
[EventCountry "FRA"]
[SourceTitle "CBM 153 Extra"]
[Source "ChessBase"]
[SourceDate "2013.04.22"]
[SourceVersion "1"]
[SourceVersionDate "2013.04.22"]
[SourceQuality "1"]

1. Nf3 Nf6 2. c4 g6 3. Nc3 c5 4. g3 Bg7 5. Bg2 0-0 6. 0-0 Nc6 7. d3 Rb8 8. Bf4 d6 9. Qd2 a6 10. Bh6 b5 11. Bxg7 Kxg7 12. b3 Bd7 13. Rfd1 h6 14. Rac1 e5 15. e3 Re8 16. Ne1 Qc8 17. Nc2 Bg4 18. Re1 Bh3 19. Bh1 Bf5 20. Nd5 Nh7 21. f4 exf4 22. gxf4 Bh3 23. Bf3 Bg4 24. Bg2 Ne7 25. Nxe7 Rxe7 26. cxb5 axb5 27. Nb4 Rc7 28. Nd5 Ra7 29. b4 Be6 30. Qc3+ Kg8 31. bxc5 Qxc5 32. Qb2 Qa3 33. Ne7+ Kf8 34. Qh8+ Kxe7 35. Qxb8 Nf6 36. Rc7+ Rxc7 37. Qxc7+ Nd7 38. Qc2 Nc5 39. Bf1 b4 40. d4 Nd7 41. Bc4 d5 42. Bd3 Nb6 43. f5 gxf5 44. Qc5+ Kf6 45. Qxb6 Qxd3 46. Qxb4 f4 47. Qb1 Qd2 48. Qd1 Qxa2 49. Qf3 Bf5 50. Qxf4 Qc2 51. Rf1 Kg6 52. Qd6+ Be6 53. Qe5 Qe2 54. Qg3+ Kh7 55. Re1 Qc2 56. Qg2 Qd3 57. Qe2 Qb5 58. Qc2+ Kg7 59. Rb1 Qd7 60. Qg2+ Kh7 61. Rb8 f6 62. Qc2+ Kg7 63. Qc5 Qf7 64. Kf2 Qh5 65. Qf8+ Kg6 66. Qd6 Qf5+ 67. Ke1 Qe4 68. Qg3+ Bg4 69. Kd2 Kh5 70. Qf2 Bf5 71. Qe2+ Kg6 72. Rb2 h5 73. Kc3 Kh6 74. Rb6 Kg7 75. Rb2 Kh6 76. Kd2 Kg6 77. Kc3 Kh6 78. Kb3 Qe8 79. Kc3 Qe7 80. Kd2 Qe4 81. Ke1 Bg4 82. Qf2 Kg6 83. Qc2 Bf5 84. Qg2+ Kh6 85. Qxe4 Bxe4 86. h4 Kg6 87. Rf2 Bb1 88. Kd2 Be4 89. Kc3 Kf7 90. Kb4 Ke6 91. Kc5 Bh1 92. Rf4 Bg2 93. Kc6 f5 94. Rf2 Be4 95. Kc5 Bh1 96. Rf4 Be4 97. Rf2 Bh1 98. Rf1 Be4 99. Rg1 1-0

[Event "Cappelle op 29th"]
[Site "Cappelle la Grande"]
[Date "2013.02.24"]
[Round "2"]
[White "Bernard, Christophe"]
[Black "Hias, Ludovic"]
[Result "1-0"]
[WhiteElo "2250"]
[BlackElo "1980"]
[PlyCount "51"]
[EventDate "2013.02.23"]
[EventType "swiss"]
[EventRounds "9"]
[EventCountry "FRA"]
[SourceTitle "CBM 153 Extra"]
[Source "ChessBase"]
[SourceDate "2013.04.22"]
[SourceVersion "1"]
[SourceVersionDate "2013.04.22"]
[SourceQuality "1"]

1. d4 Nf6 2. c4 e6 3. Nf3 d5 4. g3 c5 5. cxd5 exd5 6. Bg2 Nc6 7. 0-0 c4 8. b3 b5 9. a4 Qa5 10. Ne5 Bb7 11. Bd2 Bb4 12. axb5 Qxa1 13. bxc6 Bxd2 14. cxb7 Rb8 15. Qxd2 cxb3 16. Qb4 Qa6 17. Rc1 Qxb7 18. Qxb7 Rxb7 19. Rc8+ Ke7 20. Rxh8 Rc7 21. Nd3 b2 22. Nc5 Ne8 23. Bxd5 a5 24. Bb3 Nd6 25. Ra8 Nb7 26. Ra7 1-0

[Event "Paris-ch op-A 87th"]
[Site "Paris"]
[Date "2012.07.08"]
[Round "2"]
[White "Wirig, Anthony"]
[Black "Bernard, Christophe"]
[Result "1/2-1/2"]
[WhiteElo "2452"]
[BlackElo "2290"]
[PlyCount "79"]
[EventDate "2012.07.07"]
[EventType "swiss"]
[EventRounds "9"]
[EventCountry "FRA"]
[SourceTitle "CBM 149 Extra"]
[Source "ChessBase"]
[SourceDate "2012.08.24"]
[SourceVersion "1"]
[SourceVersionDate "2012.08.24"]
[SourceQuality "1"]

1. e4 c5 2. Nf3 d6 3. d4 cxd4 4. Nxd4 Nf6 5. Nc3 Nc6 6. Bg5 e6 7. Qd2 Be7 8. 0-0-0 0-0 9. f3 a6 10. h4 Qc7 11. g4 Rd8 12. Qe1 Nxd4 13. Rxd4 b5 14. Be3 Rb8 15. g5 Nd7 16. f4 Nc5 17. a3 Bd7 18. b4 Rdc8 19. Bd3 Nxd3+ 20. Rxd3 a5 21. Bd4 axb4 22. axb4 Ra8 23. Kd2 d5 24. exd5 Qxf4+ 25. Qe3 Qxe3+ 26. Kxe3 Bxb4 27. dxe6 Bxe6 28. Rb1 Ba5 29. Nxb5 Bc4 30. Nd6 Bxd3 31. Nxc8 Bxc2 32. Ra1 Bb3 33. Bc3 Rxc8 34. Bxa5 f6 35. gxf6 gxf6 36. Rb1 Bd5 37. Rd1 Rc5 38. Bb6 Rb5 39. Bd4 Rb3+ 40. Rd3 1/2-1/2

[Event "Paris-ch op-A 86th"]
[Site "Paris"]
[Date "2011.07.03"]
[Round "2"]
[White "Bernard, Christophe"]
[Black "Arun Prasad, Subramanian"]
[Result "0-1"]
[WhiteElo "2342"]
[BlackElo "2489"]
[PlyCount "130"]
[EventDate "2011.07.02"]
[EventType "swiss"]
[EventRounds "9"]
[EventCountry "FRA"]
[SourceTitle "CBM 143 Extra"]
[Source "ChessBase"]
[SourceDate "2011.08.29"]
[SourceVersion "1"]
[SourceVersionDate "2011.08.29"]
[SourceQuality "1"]

1. d4 Nf6 2. Nf3 e6 3. c4 b6 4. g3 Ba6 5. Qa4 Bb7 6. Bg2 c5 7. dxc5 bxc5 8. 0-0 Be7 9. Nc3 0-0 10. Rd1 Qb6 11. Bf4 d6 12. Rd2 h6 13. h3 e5 14. Be3 Nc6 15. Nh4 Nd4 16. Bxd4 exd4 17. Nf5 Rfe8 18. Nd5 Nxd5 19. Bxd5 Bf8 20. e4 Rxe4 21. Bxe4 Bxe4 22. g4 g6 23. Ng3 Bc6 24. Qc2 Bg7 25. Re1 Qd8 26. Rde2 Qh4 27. Kh2 Be5 28. Rxe5 dxe5 29. Rxe5 Qf6 30. Rxc5 Qf3 31. Rxc6 Qxc6 32. Qd3 Qd6 33. b4 Qxb4 34. Qxd4 Rc8 35. Qxa7 Qxc4 36. a4 Qc5 37. Qxc5 Rxc5 38. h4 Rc4 39. Kh3 Rf4 40. Nh1 Rxa4 41. f3 Kg7 42. Nf2 Kf6 43. Kg3 Rd4 44. Nh3 Ke5 45. Nf2 Rd6 46. Ne4 Ra6 47. Nf2 Ra3 48. Nh3 Rb3 49. Nf4 Kd4 50. Nh3 Ke3 51. g5 h5 52. Nf4 Rb5 53. Ng2+ Ke2 54. Nf4+ Kf1 55. Ng2 Rb3 56. Nf4 Ra3 57. Nd5 Rd3 58. Nf4 Rd4 59. Ng2 Ke2 60. Nf4+ Rxf4 61. Kxf4 Kf2 62. Ke5 Kg3 63. Kf6 Kxh4 64. f4 Kg4 65. Kxf7 Kf5 0-1

[Event "Syre Memorial op 34th"]
[Site "Issy les Moulineaux"]
[Date "2011.06.04"]
[Round "5"]
[White "Rodriguez, Adrien"]
[Black "Bernard, Christophe"]
[Result "0-1"]
[WhiteElo "1884"]
[BlackElo "2349"]
[PlyCount "118"]
[EventDate "2011.06.03"]
[EventType "swiss"]
[EventRounds "6"]
[EventCountry "FRA"]
[SourceTitle "EXT 2012"]
[Source "ChessBase"]
[SourceDate "2011.11.24"]
[SourceVersion "1"]
[SourceVersionDate "2011.11.24"]
[SourceQuality "1"]

1. d4 Nf6 2. Nf3 g6 3. c4 Bg7 4. Nc3 d5 5. Bg5 dxc4 6. e3 Be6 7. Ne5 c5 8. Bxc4 Bxc4 9. Nxc4 cxd4 10. exd4 0-0 11. 0-0 Nd5 12. Ne3 Nxc3 13. bxc3 h6 14. Bf4 Nc6 15. Qb3 Qd7 16. Qb5 Rac8 17. Rab1 b6 18. Rfe1 Rfd8 19. Rbc1 e6 20. h3 Ne7 21. Qxd7 Rxd7 22. Red1 Nd5 23. Nxd5 Rxd5 24. Be3 Rc4 25. Rd2 f5 26. f4 Bf8 27. Rcc2 Kf7 28. Kf2 Ba3 29. Rd1 Rd7 30. Bc1 Be7 31. Bb2 Rdc7 32. Re2 Bf6 33. Ba1 b5 34. Rb1 a6 35. Rd2 Rd7 36. g3 e5 37. fxe5 Bxe5 38. Re2 Bf6 39. Re3 Ra4 40. Re2 Re7 41. Rd2 Bg5 42. Rc2 Rc7 43. h4 Bf6 44. Rd2 Be7 45. Rb3 Bd6 46. Kf3 h5 47. Rb1 Re7 48. Rf1 Re4 49. Kg2 Ke6 50. Rf3 Kd5 51. Kf2 Rc4 52. Bb2 Ra4 53. Ba1 Rg4 54. Re2 f4 55. gxf4 Rxh4 56. Ke3 Rh1 57. Bb2 Rxa2 58. f5 gxf5 59. Rxf5+ Kc4 0-1

[Event "Cappelle op 27th"]
[Site "Cappelle la Grande"]
[Date "2011.03.01"]
[Round "5"]
[White "Bernard, Christophe"]
[Black "Sanikidze, Tornike"]
[Result "1/2-1/2"]
[WhiteElo "2348"]
[BlackElo "2559"]
[PlyCount "45"]
[EventDate "2011.02.26"]
[EventType "swiss"]
[EventRounds "9"]
[EventCountry "FRA"]
[SourceTitle "CBM 141 Extra"]
[Source "ChessBase"]
[SourceDate "2011.05.03"]
[SourceVersion "1"]
[SourceVersionDate "2011.05.03"]
[SourceQuality "1"]

1. Nf3 d6 2. d4 g6 3. e4 Bg7 4. Nc3 Nf6 5. Be3 c6 6. h3 b5 7. Bd3 0-0 8. Qd2 Nbd7 9. a4 b4 10. Ne2 a5 11. Ng3 c5 12. c3 Bb7 13. 0-0 Rc8 14. Bh6 cxd4 15. cxd4 e5 16. Bxg7 Kxg7 17. Rac1 h6 18. Rxc8 Qxc8 19. Rc1 Qb8 20. Bb5 Rc8 21. dxe5 Rxc1+ 22. Qxc1 Nxe5 23. Nd2 1/2-1/2

[Event "Cappelle op 27th"]
[Site "Cappelle la Grande"]
[Date "2011.02.27"]
[Round "2"]
[White "Bernard, Christophe"]
[Black "Vovk, Andrey"]
[Result "0-1"]
[WhiteElo "2348"]
[BlackElo "2528"]
[PlyCount "72"]
[EventDate "2011.02.26"]
[EventType "swiss"]
[EventRounds "9"]
[EventCountry "FRA"]
[SourceTitle "CBM 141 Extra"]
[Source "ChessBase"]
[SourceDate "2011.05.03"]
[SourceVersion "1"]
[SourceVersionDate "2011.05.03"]
[SourceQuality "1"]

1. Nf3 Nf6 2. d4 g6 3. c4 Bg7 4. Nc3 0-0 5. e4 d6 6. Be2 e5 7. 0-0 Na6 8. Re1 Qe8 9. Bf1 Bg4 10. dxe5 dxe5 11. h3 Bxf3 12. Qxf3 c6 13. Be3 Qe7 14. Rad1 Nc5 15. Rd2 Rfd8 16. Red1 Rxd2 17. Rxd2 Ne6 18. g3 h5 19. h4 Ng4 20. Bh3 Nd4 21. Qd1 Qe6 22. Bxd4 exd4 23. Ne2 Qxe4 24. Nxd4 Rd8 25. Bg2 Qxd4 26. Rxd4 Bxd4 27. Kf1 Nxf2 28. Qe1 Ng4 29. Qe7 Bf6 30. Qxb7 Rd2 31. Qxc6 Bxb2 32. Qe8+ Kg7 33. Bd5 Rf2+ 34. Ke1 Bc3+ 35. Kd1 Ne5 36. a4 Rd2+ 0-1

[Event "Paris-ch"]
[Site "Paris"]
[Date "2010.07.08"]
[Round "6"]
[White "Vidit, Santosh Gujrathi"]
[Black "Bernard, Christophe"]
[Result "1/2-1/2"]
[WhiteElo "2492"]
[BlackElo "2356"]
[PlyCount "76"]
[EventDate "2010.07.03"]
[EventType "swiss"]
[EventRounds "9"]
[EventCountry "FRA"]
[SourceTitle "CBM 137 Extra"]
[Source "ChessBase"]
[SourceDate "2010.09.01"]
[SourceVersion "1"]
[SourceVersionDate "2010.09.01"]
[SourceQuality "1"]

1. d4 Nf6 2. c4 g6 3. Nc3 d5 4. cxd5 Nxd5 5. e4 Nxc3 6. bxc3 Bg7 7. Nf3 c5 8. Be3 Qa5 9. Qd2 Nc6 10. Rb1 cxd4 11. cxd4 Qxd2+ 12. Kxd2 0-0 13. d5 Rd8 14. Bd3 Na5 15. Ke2 f5 16. Rhc1 b6 17. Ng5 fxe4 18. Bxe4 Ba6+ 19. Ke1 Rac8 20. Ne6 Rd7 21. Rxc8+ Bxc8 22. Bd2 Nc4 23. Rc1 Nd6 24. Bc2 Bb2 25. Rd1 Nc4 26. Bf4 Bc3+ 27. Ke2 Nb2 28. Rc1 Ba6+ 29. Kf3 Bf6 30. Bb3 Nd3 31. Rc7 Rxc7 32. Nxc7 Bb7 33. Bg3 Nc5 34. Bc4 e6 35. Ke3 b5 36. Nxb5 exd5 37. Be2 a6 38. Nd4 Ne4 1/2-1/2

[Event "FRA-chT2 0910"]
[Site "France"]
[Date "2009.12.12"]
[Round "5.1"]
[White "Bernard, Christophe"]
[Black "Vallin, Guillaume"]
[Result "1/2-1/2"]
[WhiteElo "2356"]
[BlackElo "2425"]
[PlyCount "43"]
[EventDate "2009.09.27"]
[EventType "team-tourn"]
[EventRounds "11"]
[EventCountry "FRA"]
[SourceTitle "EXT 2011"]
[Source "ChessBase"]
[SourceDate "2010.11.26"]
[SourceVersion "1"]
[SourceVersionDate "2010.11.26"]
[SourceQuality "1"]

1. d4 e6 2. c4 Nf6 3. Nf3 d5 4. e3 a6 5. Nc3 c5 6. cxd5 exd5 7. Be2 Nc6 8. 0-0 Bd6 9. b3 0-0 10. Bb2 cxd4 11. Nxd4 Qe7 12. Na4 Bc7 13. Nxc6 bxc6 14. Rc1 Qd6 15. f4 Re8 16. Bd4 Bf5 17. Bd3 Bxd3 18. Qxd3 Ne4 19. Rc2 Qh6 20. Rfc1 Re6 21. Nb6 Rd8 22. b4 1/2-1/2

[Event "Le Touquet op-A 24th"]
[Site "Le Touquet"]
[Date "2009.10.30"]
[Round "9"]
[White "Loiseau, Quentin"]
[Black "Bernard, Christophe"]
[Result "0-1"]
[WhiteElo "2120"]
[BlackElo "2356"]
[PlyCount "108"]
[EventDate "2009.10.24"]
[EventType "swiss"]
[EventRounds "9"]
[EventCountry "FRA"]
[SourceTitle "EXT 2010"]
[Source "ChessBase"]
[SourceDate "2010.11.25"]
[SourceVersion "1"]
[SourceVersionDate "2010.11.25"]
[SourceQuality "1"]

1. Nf3 Nf6 2. c4 g6 3. Nc3 c5 4. d4 cxd4 5. Nxd4 Bg7 6. e4 d6 7. Be2 0-0 8. Be3 Nc6 9. f3 Bd7 10. Qd2 Nxd4 11. Bxd4 Bc6 12. 0-0 a5 13. b3 Nd7 14. Be3 Nc5 15. Rab1 Qb6 16. Rfc1 Rfc8 17. Rc2 Qd8 18. Bf1 h5 19. Rd1 Kh7 20. Nd5 Bxd5 21. cxd5 Qd7 22. Qf2 Na6 23. Rdc1 Rxc2 24. Qxc2 a4 25. Bf2 Bh6 26. Rb1 Rc8 27. Qd1 Nb4 28. bxa4 Nxa2 29. Ra1 Nc3 30. Qb3 Bg7 31. Ra3 e6 32. dxe6 fxe6 33. Qb4 d5 34. Bd4 Bf8 35. Qb2 Nd1 36. Qb3 dxe4 37. Bb6 Rc3 38. Qxc3 Nxc3 39. Rxc3 Bd6 40. a5 Be5 41. Rc4 exf3 42. gxf3 Qd2 43. Bg2 Qd1+ 44. Kf2 Bxh2 45. Bf1 Qd2+ 46. Be2 g5 47. Kf1 Bg3 48. Re4 e5 49. Kg2 Bf4 50. Kf1 Kg6 51. Rc4 Bg3 52. Re4 Kf5 53. Kg2 Bf4 54. Kf1 g4 0-1

[Event "Le Touquet op-A 24th"]
[Site "Le Touquet"]
[Date "2009.10.25"]
[Round "2"]
[White "Uhoda, Philippe"]
[Black "Bernard, Christophe"]
[Result "0-1"]
[WhiteElo "2128"]
[BlackElo "2356"]
[PlyCount "80"]
[EventDate "2009.10.24"]
[EventType "swiss"]
[EventRounds "9"]
[EventCountry "FRA"]
[SourceTitle "EXT 2010"]
[Source "ChessBase"]
[SourceDate "2010.11.25"]
[SourceVersion "1"]
[SourceVersionDate "2010.11.25"]
[SourceQuality "1"]

1. d4 Nf6 2. c4 g6 3. Nc3 d5 4. cxd5 Nxd5 5. e4 Nxc3 6. bxc3 Bg7 7. Bc4 c5 8. Ne2 Nc6 9. Be3 0-0 10. 0-0 Qc7 11. Rc1 Rd8 12. Bf4 Qd7 13. dxc5 Qe8 14. Bd5 Bd7 15. Qc2 Rdc8 16. Be3 e6 17. Bxc6 Bxc6 18. Nd4 Ba4 19. Qb2 e5 20. Nb3 Bc6 21. f3 a5 22. Qf2 a4 23. Nd2 Qe6 24. c4 Rd8 25. Nb1 f5 26. exf5 gxf5 27. Qe2 e4 28. fxe4 Bxe4 29. Bg5 Re8 30. Nd2 Qg6 31. Nxe4 Rxe4 32. Qd2 Rd4 33. Qb2 Qxg5 34. Qxb7 Rf8 35. c6 Qe3+ 36. Kh1 Rh4 37. Rce1 Qg3 38. h3 Rxh3+ 39. gxh3 Qxh3+ 40. Kg1 Bd4+ 0-1

[Event "Le Touquet op-A 24th"]
[Site "Le Touquet"]
[Date "2009.10.24"]
[Round "1"]
[White "Bernard, Christophe"]
[Black "Coudenis, Alexandre"]
[Result "1-0"]
[WhiteElo "2356"]
[BlackElo "1949"]
[PlyCount "53"]
[EventDate "2009.10.24"]
[EventType "swiss"]
[EventRounds "9"]
[EventCountry "FRA"]
[SourceTitle "EXT 2010"]
[Source "ChessBase"]
[SourceDate "2010.11.25"]
[SourceVersion "1"]
[SourceVersionDate "2010.11.25"]
[SourceQuality "1"]

1. e4 e6 2. d4 d5 3. Nd2 Nf6 4. e5 Nfd7 5. Bd3 c5 6. c3 cxd4 7. cxd4 Nc6 8. Ngf3 f6 9. 0-0 fxe5 10. Nxe5 Ndxe5 11. dxe5 g6 12. f4 Bg7 13. Nf3 0-0 14. a3 Bh6 15. g3 Bd7 16. Be3 Rc8 17. b4 a6 18. Qd2 b5 19. g4 Be8 20. g5 Bg7 21. Bc5 Rf7 22. h4 Ne7 23. Rac1 Bc6 24. h5 gxh5 25. Nd4 Be8 26. Qh2 Ng6 27. Qxh5 1-0

[Event "FRA-chT2 0910"]
[Site "France"]
[Date "2009.10.04"]
[Round "1.1"]
[White "Bernard, Christophe"]
[Black "Boulard, Eric"]
[Result "1-0"]
[WhiteElo "2356"]
[BlackElo "2243"]
[PlyCount "79"]
[EventDate "2009.09.27"]
[EventType "team-tourn"]
[EventRounds "11"]
[EventCountry "FRA"]
[SourceTitle "EXT 2011"]
[Source "ChessBase"]
[SourceDate "2010.11.26"]
[SourceVersion "1"]
[SourceVersionDate "2010.11.26"]
[SourceQuality "1"]

1. d4 f5 2. g3 g6 3. Bg2 Nf6 4. c3 c6 5. Nd2 Bg7 6. Qb3 Qb6 7. Nh3 d5 8. Nf4 e5 9. dxe5 Ng4 10. Nd3 Nxe5 11. Nxe5 Bxe5 12. Nf3 Bg7 13. Be3 Qxb3 14. axb3 a6 15. b4 Nd7 16. b5 0-0 17. Nd4 Bxd4 18. Bxd4 Nf6 19. bxc6 bxc6 20. Ra5 Ne4 21. f3 Nd6 22. Ra2 Re8 23. Kf2 Rb8 24. Rb1 Rb3 25. Ra3 Rb5 26. b4 Nc4 27. Raa1 a5 28. bxa5 Rxb1 29. Rxb1 Nxa5 30. Rb6 Bd7 31. Ra6 Nb3 32. Be3 c5 33. Rd6 d4 34. cxd4 cxd4 35. Bxd4 Nxd4 36. Rxd4 Re7 37. e4 Kf7 38. e5 Be6 39. f4 Ra7 40. Ke3 1-0

[Event "Syre Memorial op 32nd"]
[Site "Issy les Moulineaux"]
[Date "2009.05.23"]
[Round "4"]
[White "Bernard, Christophe"]
[Black "Libens, Michel"]
[Result "1-0"]
[WhiteElo "2368"]
[BlackElo "2074"]
[PlyCount "95"]
[EventDate "2009.05.21"]
[EventType "swiss"]
[EventRounds "6"]
[EventCountry "FRA"]
[SourceTitle "EXT 2010"]
[Source "ChessBase"]
[SourceDate "2010.11.25"]
[SourceVersion "1"]
[SourceVersionDate "2010.11.25"]
[SourceQuality "1"]

1. d4 Nf6 2. Nf3 e6 3. g3 b6 4. Bg2 Bb7 5. 0-0 c5 6. dxc5 bxc5 7. c4 Be7 8. Nc3 0-0 9. Bf4 d6 10. Qb3 Qb6 11. Rfd1 Rd8 12. Rd2 Nc6 13. Rad1 Qxb3 14. axb3 Ne8 15. Ra1 a6 16. Bg5 f6 17. Be3 Nc7 18. Ne1 Rab8 19. f4 Nd4 20. Bxd4 cxd4 21. Rxd4 Bxg2 22. Kxg2 Rxb3 23. Nd3 Kf7 24. Ra2 e5 25. fxe5 fxe5 26. Re4 Bf6 27. Re3 Bg5 28. Rf3+ Ke7 29. Ne4 Bf6 30. Nxf6 gxf6 31. Nxe5 Rb6 32. Nd3 Rdb8 33. Ra5 Ne6 34. Rh5 Rh8 35. Rh6 Rc6 36. Rfxf6 d5 37. cxd5 Nf4+ 38. Rxf4 Rxh6 39. Rb4 Rd6 40. e4 Rc8 41. h4 h6 42. Kf3 Rf8+ 43. Ke3 Rg8 44. Kf4 Rf8+ 45. Ke5 Rc8 46. Rb7+ Rd7 47. Rb6 Rg8 48. Nc5 1-0

[Event "Syre Memorial op 32nd"]
[Site "Issy les Moulineaux"]
[Date "2009.05.22"]
[Round "3"]
[White "Ider, Borya"]
[Black "Bernard, Christophe"]
[Result "1-0"]
[WhiteElo "2176"]
[BlackElo "2368"]
[PlyCount "63"]
[EventDate "2009.05.21"]
[EventType "swiss"]
[EventRounds "6"]
[EventCountry "FRA"]
[SourceTitle "EXT 2010"]
[Source "ChessBase"]
[SourceDate "2010.11.25"]
[SourceVersion "1"]
[SourceVersionDate "2010.11.25"]
[SourceQuality "1"]

1. d4 Nf6 2. c4 g6 3. Nc3 d5 4. Nf3 Bg7 5. Qb3 dxc4 6. Qxc4 0-0 7. Bf4 Na6 8. e4 c5 9. e5 Nh5 10. Be3 cxd4 11. Rd1 Be6 12. Qb5 Bd7 13. Qxb7 Nc5 14. Qd5 dxe3 15. Qxc5 exf2+ 16. Kxf2 Qc8 17. Qxc8 Bxc8 18. Bc4 Bb7 19. Rhe1 Rfd8 20. e6 f5 21. Rd7 Bxf3 22. Kxf3 Bxc3 23. bxc3 Rdc8 24. Bd5 Rxc3+ 25. Re3 Rac8 26. Rxe7 Nf6 27. Bb3 Ne4 28. Rxa7 Nd2+ 29. Ke2 Nxb3 30. Rxc3 Rxc3 31. Ra8+ Kg7 32. e7 1-0